[Event "Cambridge op"]
[Site "Cambridge"]
[Date "2023.02.18"]
[Round "7"]
[White "Palucha, Szymon"]
[Black "Norris, Anthony"]
[Result "1-0"]
[WhiteElo "1980"]
[BlackElo "1917"]
[PlyCount "105"]
[EventDate "2023.02.15"]
[EventType "swiss"]
[EventRounds "9"]
[EventCountry "ENG"]
[SourceTitle "CBM 212 Extra"]
[Source "ChessBase"]
[SourceDate "2023.03.31"]
[SourceVersion "1"]
[SourceVersionDate "2023.03.31"]
[SourceQuality "1"]

1. e4 c5 2. Nf3 g6 3. d4 cxd4 4. Nxd4 Nc6 5. Nc3 Bg7 6. Be3 Nf6 7. Bc4 0-0 8. Bb3 Re8 9. f3 e6 10. Qd2 d5 11. exd5 Nxd5 12. Bxd5 exd5 13. 0-0-0 Qa5 14. Kb1 Be6 15. Rhe1 Ne5 16. Nb3 Qa6 17. Bd4 Nc4 18. Qf2 Bf8 19. Qh4 Be7 20. Qh6 Bf8 21. Qf4 f5 22. h4 Qd6 23. Qc1 a5 24. a4 Bf7 25. Rh1 f4 26. h5 g5 27. g3 Ne3 28. Rdg1 Nf5 29. gxf4 Nxd4 30. Rxg5+ Kh8 31. Nxd4 Qb4 32. Qd2 Rac8 33. Rd1 Red8 34. Rf5 Bg8 35. Qd3 Bg7 36. h6 Bxh6 37. Rh5 Bf8 38. Rdh1 Qe7 39. Ne6 Rd6 40. Nxf8 Rxf8 41. Ne2 Rf7 42. Nd4 Rdf6 43. Nf5 Qd7 44. Nh6 Rg7 45. Nxg8 Kxg8 46. Rxd5 Qe7 47. Rd8+ Rf8 48. Rxf8+ Qxf8 49. Qd5+ Kh8 50. Qxa5 Rg2 51. Qe5+ Kg8 52. Qd5+ Kh8 53. Qxb7 1-0

[Event "Cambridge op"]
[Site "Cambridge"]
[Date "2023.02.16"]
[Round "3"]
[White "Palucha, Szymon"]
[Black "Adams, Michael"]
[Result "0-1"]
[WhiteElo "1980"]
[BlackElo "2688"]
[PlyCount "60"]
[EventDate "2023.02.15"]
[EventType "swiss"]
[EventRounds "9"]
[EventCountry "ENG"]
[SourceTitle "CBM 212 Extra"]
[Source "ChessBase"]
[SourceDate "2023.03.31"]
[SourceVersion "1"]
[SourceVersionDate "2023.03.31"]
[SourceQuality "1"]

1. e4 e5 2. Nf3 Nc6 3. Bb5 a6 4. Ba4 Nf6 5. 0-0 Bc5 6. d3 d6 7. c3 Ba7 8. Nbd2 0-0 9. h3 Ne7 10. Re1 Ng6 11. Nf1 b5 12. Bb3 Bb7 13. Ng3 Re8 14. Nh2 d5 15. Qf3 Nh4 16. Qe2 h6 17. Ng4 Nh7 18. Ne3 c6 19. Nef5 Nxf5 20. Nxf5 Bc8 21. Bd2 Bxf5 22. exf5 Qd7 23. Qf3 e4 24. Qg4 Nf6 25. Qg3 Qxf5 26. d4 Bb8 27. Qh4 Qh7 28. f4 exf3 29. Rxe8+ Nxe8 30. Qe7 Bd6 0-1

[Event "English Online Blitz Gp1"]
[Site "Chess.com INT"]
[Date "2020.05.09"]
[Round "8"]
[White "Palucha, Szymon"]
[Black "Friar, James P"]
[Result "1-0"]
[WhiteElo "1990"]
[BlackElo "1591"]
[PlyCount "67"]
[EventDate "2020.05.09"]
[EventType "swiss (blitz)"]
[EventRounds "11"]
[EventCountry "ENG"]
[SourceTitle "CBM 196 Extra"]
[Source "ChessBase"]
[SourceDate "2020.07.31"]
[SourceVersion "1"]
[SourceVersionDate "2020.07.31"]
[SourceQuality "1"]

1. e4 e5 2. Nf3 Nf6 3. Nxe5 d6 4. Nf3 Nxe4 5. Nc3 Nf6 6. d4 d5 7. Bd3 Bd6 8. Bg5 c6 9. h3 0-0 10. 0-0 h6 11. Bh4 Be6 12. Qd2 Nbd7 13. Rae1 Qc7 14. Ne2 Rfe8 15. Bg3 Ne4 16. Bxd6 Qxd6 17. Qf4 Qxf4 18. Nxf4 Bf5 19. Re3 Ndf6 20. Rfe1 Kf8 21. Ne5 Nd6 22. g4 Bxd3 23. Nfxd3 g5 24. f3 Kg7 25. c3 h5 26. Kg2 h4 27. f4 Nfe4 28. fxg5 Nxg5 29. Nf4 f6 30. Nh5+ Kh6 31. Nxf6 Rf8 32. Nfd7 Nge4 33. Nxf8 Rxf8 34. Nf3 1-0

[Event "English Online Blitz Gp1"]
[Site "Chess.com INT"]
[Date "2020.05.09"]
[Round "3"]
[White "Williams, Simon Kim"]
[Black "Palucha, Szymon"]
[Result "1-0"]
[WhiteElo "2464"]
[BlackElo "1990"]
[PlyCount "127"]
[EventDate "2020.05.09"]
[EventType "swiss (blitz)"]
[EventRounds "11"]
[EventCountry "ENG"]
[SourceTitle "CBM 196 Extra"]
[Source "ChessBase"]
[SourceDate "2020.07.31"]
[SourceVersion "1"]
[SourceVersionDate "2020.07.31"]
[SourceQuality "1"]

1. d4 Nf6 2. Nf3 g6 3. Nc3 d5 4. Bf4 c6 5. e3 Bg4 6. Be2 Nbd7 7. Ne5 Bxe2 8. Qxe2 Bg7 9. 0-0-0 Nh5 10. Nxd7 Nxf4 11. exf4 Qxd7 12. h4 h5 13. Nb1 0-0-0 14. c3 Kb8 15. Nd2 e6 16. Nf3 b6 17. Ne5 Qc7 18. Kb1 c5 19. Qb5 Bxe5 20. fxe5 Rc8 21. Rc1 Rhd8 22. f3 Qc6 23. Qxc6 Rxc6 24. g4 Rh8 25. Rcd1 cxd4 26. Rxd4 Rc7 27. Kc2 Kb7 28. Kd3 a5 29. a4 Kc6 30. Rf4 Kb7 31. Rd4 Kc6 32. b4 Kb7 33. bxa5 bxa5 34. Rb1+ Ka6 35. g5 Rhc8 36. Rb3 Rc4 37. f4 Rxd4+ 38. cxd4 Rc4 39. Rb8 Rxa4 40. Rf8 Ra3+ 41. Kd2 Kb5 42. Rxf7 Kc4 43. Rf6 Kxd4 44. Rxe6 Ra2+ 45. Kc1 Rf2 46. Rf6 a4 47. e6 a3 48. Kb1 Re2 49. Rxg6 Kc3 50. e7 Rxe7 51. Rc6+ Kd3 52. f5 Re1+ 53. Ka2 Ke4 54. f6 Rf1 55. Kxa3 d4 56. Kb3 d3 57. Re6+ Kd4 58. g6 d2 59. Rd6+ Ke3 60. g7 Rb1+ 61. Kc2 Rc1+ 62. Kb2 d1Q 63. Rxd1 Rxd1 64. g8Q 1-0

[Event "Harrogate 4NCL op-A 21st"]
[Site "Harrogate"]
[Date "2019.01.20"]
[Round "5.13"]
[White "Palucha, Szymon"]
[Black "Scott, Luke"]
[Result "1-0"]
[WhiteElo "2010"]
[BlackElo "1837"]
[PlyCount "103"]
[EventDate "2019.01.18"]
[EventType "swiss"]
[EventRounds "5"]
[EventCountry "ENG"]
[SourceTitle "EXT 2020"]
[Source "ChessBase"]
[SourceDate "2019.10.17"]
[SourceVersion "1"]
[SourceVersionDate "2019.10.17"]
[SourceQuality "1"]

1. e4 e6 2. d4 d5 3. Nd2 Nf6 4. e5 Nfd7 5. Bd3 c5 6. c3 Nc6 7. Ne2 cxd4 8. cxd4 f6 9. exf6 Nxf6 10. 0-0 Bd6 11. Nf3 Qc7 12. Bg5 0-0 13. Bh4 Nh5 14. Qc2 h6 15. Bh7+ Kh8 16. Bg6 Rxf3 17. Bxh5 Rf5 18. Bg6 Bxh2+ 19. Kh1 Bd6 20. Bxf5 exf5 21. Rae1 Qf7 22. Bg3 f4 23. Nxf4 Bf5 24. Qd1 Rf8 25. Nh5 Bb4 26. Re3 g5 27. Be5+ Nxe5 28. Rxe5 Bd6 29. Ng3 Bd7 30. Re3 g4 31. Kg1 Qf6 32. Qe2 Bf4 33. Nh5 Qxd4 34. Nxf4 Qxf4 35. Re7 Bc6 36. Qd3 Rf5 37. Qe3 d4 38. Qxf4 Rxf4 39. Rd1 g3 40. fxg3 Rg4 41. Kh2 h5 42. Rf1 d3 43. Rf8+ Rg8 44. Rxg8+ Kxg8 45. Re1 Kg7 46. Re6 Kf7 47. Rd6 Be4 48. Kg1 Ke7 49. Rd4 Bf5 50. Kf2 Ke6 51. Ke3 Ke5 52. Rd8 1-0

[Event "Harrogate 4NCL op-A 21st"]
[Site "Harrogate"]
[Date "2019.01.19"]
[Round "2"]
[White "Wall, Tim"]
[Black "Palucha, Szymon"]
[Result "1-0"]
[WhiteElo "2240"]
[BlackElo "2010"]
[PlyCount "88"]
[EventDate "2019.01.18"]
[EventType "swiss"]
[EventRounds "5"]
[EventCountry "ENG"]
[SourceTitle "CBM 188 Extra"]
[Source "ChessBase"]
[SourceDate "2019.02.26"]
[SourceVersion "1"]
[SourceVersionDate "2019.02.26"]
[SourceQuality "1"]

1. e4 c5 2. Nf3 d6 3. Bb5+ Nd7 4. c3 Ngf6 5. Qe2 a6 6. Ba4 b5 7. Bc2 e5 8. 0-0 Be7 9. d4 0-0 10. h3 Re8 11. Nbd2 Bf8 12. d5 g6 13. a4 Rb8 14. axb5 axb5 15. Nb3 Qc7 16. Na5 Ra8 17. b4 c4 18. Bg5 Bg7 19. Nh2 Nb6 20. Qf3 Nh5 21. Ng4 Bxg4 22. Qxg4 h6 23. Be3 Nf4 24. Qd1 Ra6 25. Kh2 Rea8 26. g3 Nh5 27. Qd2 Kh7 28. f4 Nd7 29. f5 g5 30. Kg2 Rg8 31. Nc6 Rga8 32. Ra5 Rxa5 33. bxa5 Nb8 34. Bb6 Qb7 35. Nxb8 Rxb8 36. Rb1 Qa6 37. f6 Nxf6 38. Qf2 Kg8 39. Qf5 Rb7 40. Qc8+ Bf8 41. Bf2 Nd7 42. Qc6 Nb8 43. Qc8 Nd7 44. Ba4 Rb8 1-0

[Event "Wch U20 55th"]
[Site "Bhubaneswar"]
[Date "2016.08.14"]
[Round "7"]
[White "Palucha, Szymon"]
[Black "Skettos, Nicolas"]
[Result "1-0"]
[WhiteElo "1932"]
[BlackElo "1561"]
[PlyCount "66"]
[EventDate "2016.08.08"]
[EventType "swiss"]
[EventRounds "13"]
[EventCountry "IND"]
[SourceTitle "CBM 173 Extra"]
[Source "ChessBase"]
[SourceDate "2016.08.29"]
[SourceVersion "1"]
[SourceVersionDate "2016.08.29"]
[SourceQuality "1"]

1. e4 d5 2. exd5 Qxd5 3. Nc3 Qa5 4. Bc4 c6 5. d3 Bf5 6. Bd2 e6 7. Qe2 Nd7 8. Nd5 Qd8 9. Ne3 Bg6 10. f4 Be7 11. g4 Ngf6 12. 0-0-0 Nb6 13. f5 exf5 14. Nxf5 Bxf5 15. gxf5 0-0 16. Nh3 Re8 17. Bxf7+ Kxf7 18. Ng5+ Kf8 19. Ne6+ Kg8 20. Nxd8 Raxd8 21. Qg2 Bc5 22. Bh6 Re7 23. Rhe1 Rde8 24. Qg5 Nbd5 25. d4 Bd6 26. Rxe7 Rxe7 27. Qg2 Kh8 28. Bg5 h6 29. Bxf6 Bf4+ 30. Kb1 gxf6 31. Rg1 Bg5 32. h4 Nf4 33. Qg4 Ne2 1-0

[Event "Durham op"]
[Site "Houghton le Spring"]
[Date "2016.04.17"]
[Round "5"]
[White "Garnett, John S"]
[Black "Palucha, Szymon"]
[Result "1/2-1/2"]
[WhiteElo "1989"]
[BlackElo "1793"]
[PlyCount "51"]
[EventDate "2016.04.15"]
[EventType "swiss"]
[EventRounds "5"]
[EventCountry "ENG"]
[SourceTitle "CBM 171 Extra"]
[Source "ChessBase"]
[SourceDate "2016.04.26"]
[SourceVersion "1"]
[SourceVersionDate "2016.04.26"]
[SourceQuality "1"]

1. d4 Nf6 2. Bg5 e6 3. e4 h6 4. Bxf6 Qxf6 5. c3 d6 6. Bd3 Nd7 7. Ne2 c5 8. 0-0 Qd8 9. f4 Be7 10. Nd2 e5 11. dxe5 dxe5 12. f5 0-0 13. a4 Nf6 14. Nc4 Qc7 15. Qe1 Re8 16. Qg3 Bf8 17. Rfd1 Bd7 18. Bc2 Bc6 19. Qf3 Rad8 20. Ne3 b6 21. c4 Qb7 22. Nd5 Bxd5 23. cxd5 Bd6 24. g4 Nh7 25. h4 f6 26. Kg2 1/2-1/2

[Event "Wakefield 4NCL op-A 8th"]
[Site "Wakefield"]
[Date "2016.04.02"]
[Round "3"]
[White "Palucha, Szymon"]
[Black "Bak, Christopher"]
[Result "1-0"]
[WhiteElo "1793"]
[BlackElo "2033"]
[PlyCount "49"]
[EventDate "2016.04.01"]
[EventType "swiss"]
[EventRounds "5"]
[EventCountry "ENG"]
[SourceTitle "CBM 171 Extra"]
[Source "ChessBase"]
[SourceDate "2016.04.26"]
[SourceVersion "1"]
[SourceVersionDate "2016.04.26"]
[SourceQuality "1"]

1. e4 e5 2. Nf3 Nc6 3. Bb5 a6 4. Ba4 Nge7 5. 0-0 g6 6. c3 Bg7 7. d4 exd4 8. cxd4 b5 9. Bb3 d6 10. h3 0-0 11. Re1 Bb7 12. a3 h6 13. Nc3 Kh7 14. Bf4 Qb8 15. e5 dxe5 16. dxe5 Na5 17. Ba2 Rd8 18. Qe2 Nd5 19. Bd2 c5 20. Nxd5 Nc4 21. Bxc4 bxc4 22. Nf6+ Bxf6 23. exf6 Bxf3 24. gxf3 Qxb2 25. Ba5 1-0

[Event "BCF-ch U16"]
[Site "North Shields"]
[Date "2012.07.27"]
[Round "6.14"]
[White "Palucha, Szymon"]
[Black "Murali, Pavan"]
[Result "1/2-1/2"]
[WhiteElo "1360"]
[BlackElo "1797"]
[PlyCount "55"]
[EventDate "2012.07.23"]
[EventType "swiss"]
[EventRounds "7"]
[EventCountry "ENG"]
[SourceTitle "EXT 2023"]
[Source "ChessBase"]
[SourceDate "2022.10.05"]
[SourceVersion "1"]
[SourceVersionDate "2022.10.05"]
[SourceQuality "1"]

1. e4 c5 2. Nf3 Nc6 3. d4 cxd4 4. Nxd4 g6 5. Nc3 Bg7 6. Be3 Nf6 7. f3 0-0 8. Bc4 Qb6 9. Qd3 Nxe4 10. Nxc6 Qxb2 11. Nxe7+ Kh8 12. Nxe4 Qxa1+ 13. Qd1 Qe5 14. Qd6 f5 15. Qxe5 Bxe5 16. Bh6 Re8 17. Ng5 Rxe7 18. Nf7+ Rxf7 19. Bxf7 f4 20. Kf2 d6 21. Rb1 Rb8 22. Bd5 b6 23. Rb4 Bb7 24. Bxb7 Rxb7 25. Bxf4 Bxf4 26. Rxf4 Rc7 27. c4 Rc5 28. Rd4 1/2-1/2

[Event "BCF-ch U16"]
[Site "North Shields"]
[Date "2012.07.24"]
[Round "4.13"]
[White "Jain, Radha"]
[Black "Palucha, Szymon"]
[Result "1/2-1/2"]
[WhiteElo "1868"]
[BlackElo "1360"]
[PlyCount "138"]
[EventDate "2012.07.23"]
[EventType "swiss"]
[EventRounds "7"]
[EventCountry "ENG"]
[SourceTitle "EXT 2023"]
[Source "ChessBase"]
[SourceDate "2022.10.05"]
[SourceVersion "1"]
[SourceVersionDate "2022.10.05"]
[SourceQuality "1"]

1. d4 Nf6 2. c4 c5 3. d5 b5 4. cxb5 a6 5. bxa6 g6 6. Nc3 Bxa6 7. e4 Bxf1 8. Kxf1 d6 9. g3 Bg7 10. Kg2 0-0 11. Nf3 Nbd7 12. Re1 Qc7 13. h3 Rfb8 14. Qc2 Nb6 15. Rb1 Qa7 16. Re2 Na4 17. Nxa4 Qxa4 18. b3 Qa6 19. Be3 Nd7 20. Rbe1 Rb7 21. Qc1 Qa3 22. Qd1 Rba7 23. Bc1 Qb4 24. a3 Qb6 25. Nd2 Ne5 26. Re3 Qa6 27. Qc2 Rc8 28. f4 Nd7 29. Kh2 Bd4 30. R3e2 Qa5 31. Nc4 Qc3 32. Bb2 Qxc2 33. Rxc2 Bxb2 34. Rxb2 Rb8 35. a4 Nb6 36. Nxb6 Rxb6 37. Reb1 Rb4 38. e5 dxe5 39. fxe5 Rd4 40. d6 exd6 41. exd6 Rxd6 42. Rc1 Rb6 43. Rxc5 Rxa4 44. Kg2 Rab4 45. Rc3 Kg7 46. Kf2 Kf6 47. Rf3+ Ke6 48. Ke2 f5 49. Kd2 Rb7 50. Rc3 Ke5 51. Kd3 Kd5 52. Kc2 g5 53. Rc8 Ke5 54. Rg8 g4 55. hxg4 fxg4 56. Rg5+ Kd6 57. Kc3 R7b5 58. Rxb5 Rxb5 59. b4 h5 60. Kc4 Kc6 61. Rf2 Re5 62. b5+ Kb7 63. Kb4 Re3 64. Rg2 Rf3 65. Ka5 Re3 66. Kb4 Rf3 67. Kc5 Re3 68. Kd4 Rb3 69. Kc4 Rf3 1/2-1/2